Figures de style - A.V. - Statistiques

Statistiques générales
  • Ce quiz a été pris 264 fois
  • Le résultat moyen est 15 sur 26
Statistiques - réponses
Hint Réponse % Correct
Mise en relation de deux termes a l'aide d'un terme comparant Comparaison
89%
Repetition d'une ou de plusieurs consonnes dans un groupe de mots Alliteration
85%
Repetition d'une meme expression/mot au debut d'un vers Anaphore
85%
Repetition d'une ou de plusieurs voyelles dans un groupe de mots Assonance
84%
Réunir à l'intérieur d'une même expression deux mots aux sens opposés Oxymore
84%
Attribuer des qualités humaines à un objet inanimé Personnification
82%
Exagération dans le choix des mots Hyperbole
80%
Etablir une assimilation entre un comparé et un comparant qui sont rapprochés sans outils de comparaison. Métaphore
80%
Deux termes de sens opposes dans une meme phrase Antithese
78%
Structure ABBA au sein d'une phrase Chiasme
78%
Formulation adoucie d'une idée qui pourrait paraître trop brutale Euphémisme
78%
Succession de mots ou d'expressions de sens voisins et dont l'ordre traduit une progression croissante ou décroissante Gradation
74%
Utilisation d'une expression suggérant beaucoup plus que ce qu'elle dit réellement Litote
72%
Personnification d'une idée abstraite Allégorie
71%
Juxtaposition d'une série de terme Enumeration
65%
Remplacer un terme par une expression qui le définit Periphrase
59%
Remplacer un élément par un autre élément appartenant au même ensemble logique Metonymie
52%
Remplacer un mot par un autre ayant une relation d’inclusion avec celui-ci (la partie pour le tout ou le tout pour la partie) Synecdoque
38%
Dire le contraire de ce que l'on pense Ironie
32%
Fait parler et agir une personne que l'on évoque (absent, défunt, animal ou chose personnifiée) Prosopopee
29%
Employer dans une phrase plusieurs formes grammaticales d'un même mot (genre, nombre, personnes, modes, temps) Polyptote
22%
Remplacer un nom commun par un nom propre et vice-versa Antonomase
16%
Description d'une scène de manière si frappante qu'on croit la vivre Hypotypose
14%
Attribuer à certains mots d'une phrase ce qui convient à d'autres mots de la même phrase Hypallage
11%
Succession rapide de très courtes répliques, au théâtre Stichomythie
10%
Employer cote a cote des mots dans le sens est different mais le son semblable Paranomase
3%
Aucun quiz correspondant
Distribution des résultats
% des personnes avec chaque résultat
Percentile par nombre de réponses
Votre historique - résultats
Vous n’avez pas pris ce quiz